000 00948nam a22002417a 4500
005 2011072000470.0
008 110720t xxu||||| |||| 00| 0 mar d
010 _aMAR-21091
020 _a9788172948764
_c120.00
035 _aMR-13749
037 _bDBAD/PUB
040 _aDPL
_bMR
082 _a891.467
100 _aमोहिते,राम
_929738
245 _aघबाड /
_bराम मोहिते
246 _aGhabad
_bby Ram Mohite
260 _aपुणे
_bदिलीपराज प्रकाशन
_c2011
270 _a251क,शनिवार पेठ
_bपुणे
_e411030
300 _a111पृ.
_c22सेमी(अजिल्द)
700 _929747
942 _2ddc
_cMR
_h891.467
_mमोहिते
999 _c54105
_d54105